Score 0/11 Timer 01:00
1 Play Today
Clue 4-Letter Words % Correct
Color of basic paper?BLUE
95.6%
Opposite of sharpFLAT
85.5%
Two of these make a quartPINT
82.2%
Union Jack, e.g.FLAG
81.3%
Color of acidic paper?PINK
80.1%
Chimney openingFLUE
79.9%
Stored up insidePENT
63.9%
Daring activityFEAT
63.6%
WhipFLOG
61.8%
Boggy materialPEAT
61.8%
Sheet of iceFLOE
57.4%

Today's Daily Dose

Remove Ads.
Support Sporcle.
Get the best of Sporcle when you Go Orange. This ad-free experience offers more features, more stats, and more fun while also helping to support Sporcle. Thank you for becoming a member.

You're not logged in!

Compare scores with friends on all Sporcle quizzes.
OR
Log In

Show Comments

Extras

Top Quizzes Today


Score Distribution

Your Account Isn't Verified!

In order to create a playlist on Sporcle, you need to verify the email address you used during registration. Go to your Sporcle Settings to finish the process.

Report this User

Report this user for behavior that violates our Community Guidelines.

Details: